New Approach to Evaluating Supplementary Homicide Report (SHR) Data Imputation, 1990-1995

The purpose of the project was to learn more about patterns of homicide in the United States by strengthening the ability to make imputations for Supplementary Homicide Report (SHR) data with missing values. Supplementary Homicide Reports (SHR) and local police data from Chicago, Illinois, St. Louis...

Ausführliche Beschreibung

Gespeichert in:  
Bibliographische Detailangaben
1. VerfasserIn: Wadsworth, Tim (Verfasst von)
Beteiligte: Roberts, John M. (Mitwirkung)
Medienart: Elektronisch Forschungsdaten
Sprache:Englisch
Veröffentlicht: [Erscheinungsort nicht ermittelbar] [Verlag nicht ermittelbar] 2007
In:Jahr: 2007
Online-Zugang: Volltext (kostenfrei)
Verfügbarkeit prüfen: HBZ Gateway
Schlagwörter:

MARC

LEADER 00000cam a22000002c 4500
001 1840056681
003 DE-627
005 20250708100734.0
007 cr uuu---uuuuu
008 230324s2007 xx |||||o 00| ||eng c
024 7 |a 10.3886/ICPSR20060.v1  |2 doi 
035 |a (DE-627)1840056681 
035 |a (DE-599)KXP1840056681 
040 |a DE-627  |b ger  |c DE-627  |e rda 
041 |a eng 
084 |a 2,1  |2 ssgn 
100 1 |a Wadsworth, Tim  |e VerfasserIn  |4 aut 
245 1 0 |a New Approach to Evaluating Supplementary Homicide Report (SHR) Data Imputation, 1990-1995 
264 1 |a [Erscheinungsort nicht ermittelbar]  |b [Verlag nicht ermittelbar]  |c 2007 
336 |a Text  |b txt  |2 rdacontent 
337 |a Computermedien  |b c  |2 rdamedia 
338 |a Online-Ressource  |b cr  |2 rdacarrier 
520 |a The purpose of the project was to learn more about patterns of homicide in the United States by strengthening the ability to make imputations for Supplementary Homicide Report (SHR) data with missing values. Supplementary Homicide Reports (SHR) and local police data from Chicago, Illinois, St. Louis, Missouri, Philadelphia, Pennsylvania, and Phoenix, Arizona, for 1990 to 1995 were merged to create a master file by linking on overlapping information on victim and incident characteristics. Through this process, 96 percent of the cases in the SHR were matched with cases in the police files. The data contain variables for three types of cases: complete in SHR, missing offender and incident information in SHR but known in police report, and missing offender and incident information in both. The merged file allows estimation of similarities and differences between the cases with known offender characteristics in the SHR and those in the other two categories. The accuracy of existing data imputation methods can be assessed by comparing imputed values in an "incomplete" dataset (the SHR), generated by the three imputation strategies discussed in the literature, with the actual values in a known "complete" dataset (combined SHR and police data). Variables from both the Supplemental Homicide Reports and the additional police report offense data include incident date, victim characteristics, offender characteristics, incident details, geographic information, as well as variables regarding the matching procedure. 
540 |a ICPSR Terms of Use 
650 4 |a Uniform Crime Reports 
650 4 |a Arrests 
650 4 |a Crime rates 
650 4 |a Crime reporting 
650 4 |a Crime Statistics 
650 4 |a Homicide 
650 4 |a Murder 
650 4 |a Offenders 
650 4 |a Victims 
655 7 |a Forschungsdaten  |0 (DE-588)1098579690  |0 (DE-627)857755366  |0 (DE-576)469182156  |2 gnd-content 
700 1 |a Roberts, John M.  |e MitwirkendeR  |4 ctb 
787 0 8 |i Forschungsdaten zu  |a Kubrin, Charis Elizabeth  |t Identifying the structural correlates of African American killings: What can we learn from data disaggregation?  |d 2003  |w (DE-627)1912579731 
787 0 8 |i Forschungsdaten zu  |a Roberts, John M.  |t Multiple imputation for missing values in homicide incident data: An evaluation using unique test data  |d 2018  |w (DE-627)1912628112 
787 0 8 |i Forschungsdaten zu  |a Wadsworth, Tim  |t When Missing Data Are Not Missing: A New Approach to Evaluating SHR Imputation Strategies  |d [Erscheinungsort nicht ermittelbar] : University of New Mexico, 2004  |w (DE-627)1912748606 
787 0 8 |i Forschungsdaten zu  |a Wadsworth, Tim  |t When missing data are not missing: A new approach to evaluating Supplemental Homicide Report imputation strategies  |d 2008  |w (DE-627)1912748614 
856 4 0 |u https://doi.org/10.3886/ICPSR20060.v1  |x Resolving-System  |z kostenfrei  |3 Volltext  |7 0 
935 |a mkri 
951 |a BO 
ELC |a 1 
LOK |0 000 xxxxxcx a22 zn 4500 
LOK |0 001 4296804286 
LOK |0 003 DE-627 
LOK |0 004 1840056681 
LOK |0 005 20230324125247 
LOK |0 008 230324||||||||||||||||ger||||||| 
LOK |0 035   |a (DE-2619)ICPSR20060 
LOK |0 040   |a DE-2619  |c DE-627  |d DE-2619 
LOK |0 092   |o n 
LOK |0 852   |a DE-2619 
LOK |0 852 1  |9 00 
LOK |0 935   |a foda  |a nacj 
LOK |0 939   |a 24-03-23  |b l01 
OAS |a 1 
ORI |a SA-MARC-krimdoka001.raw